Normal view
MARC view
- المباني -- مواصفات معيارية -- الأردن -- الخرسان المسلح -- خزانات المياه
Entry Topical Term
001 - CONTROL NUMBER
- control field: 51728
003 - CONTROL NUMBER IDENTIFIER
- control field: JO-AjAnu
005 - DATE AND TIME OF LATEST TRANSACTION
- control field: 20230606082516.0
008 - FIXED-LENGTH DATA ELEMENTS
- fixed length control field: 230606|| aca||aabn | a|a d
040 ## - CATALOGING SOURCE
- Original cataloging agency: JO-AjAnu
- Transcribing agency: JO-AjAnu
150 ## - HEADING--TOPICAL TERM
- Topical term or geographic name entry element: المباني -- مواصفات معيارية -- الأردن -- الخرسان المسلح -- خزانات المياه
670 ## - SOURCE DATA FOUND
- Source citation: Work cat.: (JO-AjAnu)26440: إعداد انتصار البطاينة؛ جمال قطيشات وآخرون, author 51727, مجلس البناء الوطني الأردني، وزارة الأشغال العامة والإسكان: كودة خزانات المياه الخرسانة (متطلبات وشروط تصميم خزانات المياة المشيدة من الخرسانة المسلحة أوالسابقة الإجهاد)